Statistics for Europe but it is Only My Top 25 Favorites

Click here to take the quiz!

General Stats

  • This quiz has been taken 19 times
  • The average score is 23 of 25

Answers on the Map

Answers color-coded by a green-red scale on the quiz's map according to % correct below.
Loading ...
 

Answer Stats

Answer% Correct
Portugal
100%
Belgium
94%
Austria
94%
Poland
94%
Estonia
94%
Russia
94%
Iceland
94%
Sweden
94%
Finland
94%
Switzerland
94%
Malta
94%
San Marino
94%
Monaco
94%
France
94%
United Kingdom
94%
Germany
89%
Ukraine
89%
Moldova
89%
Belarus
89%
Andorra
89%
Hungary
89%
Bulgaria
89%
Serbia
89%
Kosovo
89%
Albania
83%

Score Distribution

Percentile by Number Answered

Percent of People with Each Score

Your Score History

You have not taken this quiz